La educación rural en Guaviare : tensiones y proyectos de vida /

Bibliographic Details
Main Authors: Suárez Sandoval, Nubia (Author), Castaño Silva, Alexander (Author)
Format: Electronic eBook
Language:Spanish
Published: Bogotá, Colombia : Editorial Aula de Humanidades, 2022.
Series:Colección Investigar en el aula (Editorial Aula de Humanidades). Red lenguaje Experiencias pedagógicas.
Subjects:
Online Access:Digitalia Hispánica

MARC

LEADER 00000nam a2200000Ii 4500
001 DIGAUHUM0113
003 NyNyDIG
006 m o d
007 cr |||||||||||
008 260205s2022 ck ob 000 0 spa d
035 |a (OCoLC)1573182145 
040 |a DGITA  |b eng  |e rda  |e pn  |c DGITA 
020 |a 9789585196636  |q (versión digital) 
020 |z 9789585196629  |q (versión impresa) 
043 |a s-ck--- 
050 1 4 |a HD87 ebook 
100 1 |a Suárez Sandoval, Nubia,  |e author. 
245 1 3 |a La educación rural en Guaviare :  |b tensiones y proyectos de vida /  |c Nubia Suárez Sandoval, Alexander Castaño Silva. 
264 1 |a Bogotá, Colombia :  |b Editorial Aula de Humanidades,  |c 2022. 
300 |a 1 online resource. 
336 |a text  |b txt  |2 rdacontent 
337 |a computer  |b c  |2 rdamedia 
338 |a online resource  |b cr  |2 rdacarrier 
347 |a text file  |2 rdaft 
347 |b PDF 
490 1 |a Colección: Investigar en el aula. Red lenguaje: Experiencias pedagógicas 
504 |a Includes bibliographical references. 
588 0 |a Online resource; title from PDF title page (Digitalia, viewed February 5, 2026) 
650 0 |a Education, Rural  |z Colombia. 
700 1 |a Castaño Silva, Alexander,  |e author. 
791 2 |a Digitalia (Firm),  |e distributor. 
793 0 |g Digitalia eBook Collection:  |a Editorial Aula de Humanidades 
776 0 8 |i Print version:  |a Suárez Sandoval, Nubia.  |t Educación rural en Guaviare.  |d Bogotá, Colombia : Editorial Aula de Humanidades, 2022  |z 9789585196629 
830 0 |a Colección Investigar en el aula (Editorial Aula de Humanidades).  |p Red lenguaje Experiencias pedagógicas. 
856 4 0 |3 Digitalia Hispánica  |u https://www.digitaliapublishing.com/a/183373/ 
910 |a Premium collection: 2026